000 00613nam a2200241Ia 4500
003 OSt
005 20221007073502.0
006 a|||||r|||| 00| 0
007 ta
008 221006b |||||||| |||| 00| 0 eng d
024 _a8,827
037 _cTextual
040 _aFLL
_cFLL
_beng
041 _2eng
_aeng
082 _aZ2,9598, M1
100 _aRamachandran V.G.
245 0 _aLaw of writs
250 _a3rd
260 _aLucknow
_bEastern Book Company India
_c1981
300 _alxxvi,922p
_ccm.
942 _hZ2,9598, M1
_cTEXL
_2CC
999 _c1148901
_d1148901